Catálogo

Vista normal Vista MARC

Entrada Personal Name

Número de registros utilizados en: 5

001 - CONTROL NUMBER

  • control field: 11206

003 - CONTROL NUMBER IDENTIFIER

  • control field: DLC

005 - DATE AND TIME OF LATEST TRANSACTION

  • control field: 20260217100545.0

008 - FIXED-LENGTH DATA ELEMENTS

  • fixed length control field: 800227n| azannaabn |a aaa

010 ## - LIBRARY OF CONGRESS CONTROL NUMBER

  • LC control number: n 80013912

035 ## - SYSTEM CONTROL NUMBER

  • System control number: (OCoLC)oca00396383

035 ## - SYSTEM CONTROL NUMBER

  • System control number: (CaEvSKY)skya1474758

040 ## - CATALOGING SOURCE

  • Original cataloging agency: DLC
  • Language of cataloging: spa
  • Description conventions: rda
  • Transcribing agency: Mx-PuUPA
  • Modifying agency: DLC
  • Modifying agency: OCoLC
  • Modifying agency: MX-SlUA
  • Modifying agency: Mx-PuUPA

046 ## - SPECIAL CODED DATES

  • Birth date: 1946

053 #0 - LC CLASSIFICATION NUMBER

  • Classification number element--single number or beginning number of span: PQ7489.2.P75

100 1# - HEADING--PERSONAL NAME

  • Personal name: Prieto Castillo, Daniel,
  • Dates associated with a name: 1946-

370 ## - ASSOCIATED PLACE

  • Place of birth: Mendoza (Argentina)
  • Source of term: naf

373 ## - ASSOCIATED GROUP

  • Associated group: Universidad Autónoma Metropolitana
  • Source of term: naf

374 ## - OCCUPATION

  • Occupation: Autor

375 ## - GENDER

  • Gender: hombre

377 ## - ASSOCIATED LANGUAGE

  • Language code: spa

400 1# - SEE FROM TRACING--PERSONAL NAME

  • Personal name: Castillo, Daniel Prieto
  • Dates associated with a name: 1946-

400 1# - SEE FROM TRACING--PERSONAL NAME

  • Personal name: Prieto, Daniel
  • Dates associated with a name: 1946-

400 1# - SEE FROM TRACING--PERSONAL NAME

  • Personal name: Prieto C., Daniel
  • Fuller form of name: (Prieto Castillo)
  • Dates associated with a name: 1946-

670 ## - SOURCE DATA FOUND

  • Source citation: His Retórica y manipulación masiva, 1979:
  • Information found: t.p. (Daniel Prieto Castillo)

670 ## - SOURCE DATA FOUND

  • Source citation: Prospectiva año 2000, 1983, c1982- :
  • Information found: v. 1, cover (Daniel Prieto) v. 22, cover (Daniel Prieto C.)

670 ## - SOURCE DATA FOUND

  • Source citation: His Retórica y manipulación masiva, 1985:
  • Information found: t.p. (Daniel Prieto Castillo) p. 4 of cover (Daniel Prieto, b. 1942, Mendoza, Argentina; director de la Escuela Superior de Comunicación Colectiva, Mendoza; docente, Universidad Autónoma Metropolitana (Mexico))

670 ## - SOURCE DATA FOUND

  • Source citation: His Utopía y comunicación en Simón Rodríguez, 1987:
  • Information found: t.p. (Daniel Prieto Castillo) p. 211 (b. 4/27/42) p. 212 (currently under contract to Fundación Friedrich Ebert in its program with CIESPAL, as an expert)

670 ## - SOURCE DATA FOUND

  • Source citation: Diseño y comunicación, 1994 :
  • Information found: title page (Daniel Prieto Castillo)